| 000 | 00694nam a22002057a 4500 | ||
|---|---|---|---|
| 003 | 0 | ||
| 005 | 20250130153526.0 | ||
| 008 | 250130b xxu||||| |||| 00| 0 eng d | ||
| 050 |
_aTP 983 _b.D4 2023 |
||
| 100 | _aDe Jesus, Daniel Raphael C. | ||
| 245 |
_aHMD manufacturing _c Daniel Raphael C. De Jesus and two others |
||
| 260 |
_aLas Pinas City _bSouthville International School and Colleges _c2023 |
||
| 300 |
_avi, 101 pages ; _c28cm. |
||
| 500 | _aEntrepreneurship. | ||
| 504 | _aIncludes bibliographical references and appendices. | ||
| 650 | _aPerfume industry. | ||
| 650 | _aPerfumes—Manufacturing. | ||
| 650 | _aAromatics—Production and processing. | ||
| 942 |
_2lcc _cTH |
||
| 999 |
_c367089 _d367089 |
||